| 000 | 01999nam0a2200361 4500 | ||
|---|---|---|---|
| 001 | RU\NLR\BIBL_A\012782515 | ||
| 005 | 20220630095946.0 | ||
| 010 |
_a978-5-89609-657-3 _9100 |
||
| 021 |
_aRU _bКН-П-22-003677 _9КН-П-22-0282 |
||
| 035 | _a(NLR Aleph) 012782515 | ||
| 035 | _a(RuMoRGB)010964979 | ||
| 090 |
_a13127595 _c13127595 |
||
| 100 | _a20220511d2021 u y0rusy50 ca | ||
| 101 | 0 | _arus | |
| 102 | _aRU | ||
| 105 | _aac z 000zy | ||
| 181 | 0 |
_ai3 _baxxe |
|
| 182 | 0 | _an | |
| 200 | 1 |
_aЧудо исцеления _fК. А. Ерофеева, А. Б. Литвинов |
|
| 203 |
_aТекст _bвизуальный _cнепосредственный |
||
| 210 |
_aВоронеж _cКварта _d2021 |
||
| 215 |
_a95 с. _cил., портр. _d20 |
||
| 320 | _aБиблиогр.: с. 95 (7 назв.) | ||
| 330 | _aКнига - первая в России демонстрация возможностей народного целительства, основанная только на фактическом материале. Чудо подтверждено врачебными диагнозами <до> и <после> общения <неизлечимого> больного с целителем. Чудо исцеления рукотворное: происходит в результате целенаправленных процедур, примененных целителем, исходя из реализации выводов Позитивной медицины | ||
| 606 | 1 |
_aЦелительство _jПопулярные издания _2nlr_sh1 _2nlr_sh2 _3RU\NLR\AUTH\66692851 |
|
| 675 |
_a615.89 _v4 |
||
| 686 | 1 | _aР358.9я9 | |
| 700 | 1 |
_aЕрофеева _bК. А. _gКсения Анатольевна |
|
| 701 | 1 |
_aЛитвинов _bА. Б. _f1949- _gАнатолий Богданович |
|
| 942 | _cBOOK | ||
| 980 | _aNB | ||